| 000 | 00508cam a22002051 4500 | ||
|---|---|---|---|
| 001 | af 48003882 | ||
| 003 | DLC | ||
| 005 | 20260227110905.0 | ||
| 008 | 890425s1944 ne 000 1 dut c | ||
| 010 | _aaf 48003882 | ||
| 035 | _a(OCoLC)19601578 | ||
| 040 |
_aCalifornia. Univ. Libr. _cCU _dDLC |
||
| 042 | _apremarc | ||
| 050 | 0 | 0 |
_aPT6407.B57 _bA7 |
| 100 | 1 | _aBoon, Louis Paul. | |
| 245 | 1 | 0 | _aAbel Gholaerts. |
| 260 |
_aBrussel, _bA. Manteau _c[1944] |
||
| 300 |
_a426 p. _c22 cm. |
||
| 500 | _aA novel. | ||
| 999 |
_c5808 _d5808 |
||